000 00932nam a2200253Ia 4500
003 OSt
005 20220923225529.0
006 a|||||r|||| 00| 0
007 ta
008 220922b |||||||| |||| 00| 0 urd d
024 _a270,485
037 _cTextual
040 _aARTS
_cARTS
_burd
041 _2urd
_aurd
082 _aO168,2M79,YL, 152M1
100 _aआग़ा हश्र, काश्मीरी
_9163985
245 0 _aयहूदी की लड़की, संपा कृष्ण देव झारी
246 _aYahūdī kī laड़kī, sanpā kṛuṣhṇa dev zārī
260 _aनयी दिल्ली
_b शारदा प्रकाशन
_c1981
300 _a84पृ0
_ccm.
650 _aउर्दू साहित्य
942 _hO168,2M79,YL, 152M1
_cTEXL
_2CC
999 _c378867
_d378867